[Event "Titled Tuesday 2025.02.04 Late"]
[Site "Chess.com INT"]
[Date "2025.02.04"]
[Round "3"]
[White "Keleberda, Tymur"]
[Black "Smieszek, Wojciech"]
[Result "1-0"]
[WhiteElo "2307"]
[BlackElo "2133"]
[WhiteFideId "-1"]
[BlackFideId "-1"]
[PlyCount "145"]
[GameId "2143899101020593"]
[EventDate "2025.02.04"]
[EventType "swiss (blitz)"]
[EventRounds "11"]
[EventCountry "NET"]
[SourceTitle "Mega2025 Update 15"]
[Source "Chessbase"]
[SourceDate "2025.02.14"]
[SourceVersion "1"]
[SourceVersionDate "2025.02.14"]
[SourceQuality "1"]

1. Nf3 Nf6 2. c4 c5 3. Nc3 Nc6 4. e3 g6 5. d4 cxd4 6. exd4 d5 7. cxd5 Nxd5 8. Bc4 Nxc3 9. bxc3 Bg7 10. O-O O-O 11. Re1 h6 12. d5 Na5 13. Qd3 Nxc4 14. Qxc4 Bf5 15. Nd4 Rc8 16. Qb3 Bd3 17. Ba3 Re8 18. Qxb7 Rxc3 19. Nc6 Qa8 20. Nxe7+ Kh7 21. Qxa8 Rxa8 22. Bb2 Re8 23. Re3 Bd4 24. Bxc3 Bxe3 25. fxe3 Rxe7 26. Rd1 Rxe3 27. Bd4 Bc2 28. Rd2 Rd3 29. Rxd3 Bxd3 30. Bxa7 Kg8 31. Bc5 f5 32. Kf2 Kf7 33. g3 Bc4 34. a4 Bxd5 35. a5 Bc4 36. Ke3 Ke6 37. Kd4 Bf1 38. Bf8 h5 39. Kc5 Kd7 40. Kb6 Kc8 41. Bd6 Bg2 42. Bf4 Bf3 43. a6 Bg2 44. Kc5 Kd7 45. Bb8 Bf3 46. h4 Bg2 47. Kd4 Ke6 48. Ke3 Bc6 49. Kf4 Kf6 50. Be5+ Kf7 51. Bd4 Bd5 52. Ke5 Bg2 53. Kd6 Bf1 54. a7 Bg2 55. Be3 Ke8 56. Kc7 Ke7 57. Kb8 Ke6 58. Bg5 Ke5 59. a8=Q Bxa8 60. Kxa8 Ke4 61. Kb7 Kf3 62. Bf4 Kg4 63. Kc6 g5 64. hxg5 h4 65. g6 hxg3 66. Bxg3 Kxg3 67. g7 f4 68. g8=Q+ Kf2 69. Kd5 f3 70. Ke4 Ke2 71. Qa2+ Kf1 72. Kxf3 Kg1 73. Qg2# 1-0

[Event "Titled Tuesday 2025.02.04 Late"]
[Site "Chess.com INT"]
[Date "2025.02.04"]
[Round "4"]
[White "Alonso, Raphael VP Patricio"]
[Black "Keleberda, Tymur"]
[Result "1/2-1/2"]
[WhiteElo "2130"]
[BlackElo "2307"]
[WhiteFideId "-1"]
[BlackFideId "-1"]
[PlyCount "271"]
[GameId "2143899101151976"]
[EventDate "2025.02.04"]
[EventType "swiss (blitz)"]
[EventRounds "11"]
[EventCountry "NET"]
[SourceTitle "Mega2025 Update 15"]
[Source "Chessbase"]
[SourceDate "2025.02.14"]
[SourceVersion "1"]
[SourceVersionDate "2025.02.14"]
[SourceQuality "1"]

1. Nf3 a6 2. b3 Nf6 3. Bb2 e6 4. e3 Be7 5. c4 O-O 6. Be2 b6 7. O-O Bb7 8. d4 d6 9. Nc3 Nbd7 10. Rc1 Ne4 11. d5 Nxc3 12. Bxc3 e5 13. Nd2 f5 14. f4 g6 15. Bd3 Bf6 16. b4 Qe7 17. Bb1 exf4 18. Bxf6 Qxe3+ 19. Kh1 Rxf6 20. Nf3 Ne5 21. Re1 Ng4 22. Rxe3 Nf2+ 23. Kg1 Nxd1 24. Re2 Ne3 25. g3 Nxc4 26. Rxc4 Bxd5 27. Rxf4 c5 28. Rd2 Bf7 29. a3 Kg7 30. Ng5 Bg8 31. Rf1 h6 32. Nh3 Re8 33. Rfd1 Re3 34. Rd3 Rxd3 35. Bxd3 b5 36. Nf4 c4 37. Be2 Bf7 38. Kf2 g5 39. Ng2 d5 40. Ne1 Rd6 41. Nf3 Kf6 42. Nd4 Ke5 43. Ke3 f4+ 44. gxf4+ gxf4+ 45. Kf2 Bg6 46. Bf3 Be4 47. Ne2 d4 48. Re1 Bxf3 49. Kxf3 Kf5 50. Nxf4 d3 51. Ng2 c3 52. Ne3+ Kf6 53. Rc1 d2 54. Rxc3 d1=Q+ 55. Nxd1 Rxd1 56. Rc6+ Kg5 57. Rxa6 Rd3+ 58. Kg2 Rd5 59. Rb6 h5 60. h3 Kh4 61. Rh6 Rd2+ 62. Kf1 Rd3 63. Rb6 Rxa3 64. Rxb5 Rxh3 65. Kg2 Rb3 66. Kh2 Rb2+ 67. Kg1 Kg4 68. Rb8 h4 69. Rg8+ Kh3 70. Rb8 Rb1+ 71. Kf2 Kh2 72. b5 h3 73. b6 Rb2+ 74. Kf1 Kh1 75. b7 h2 76. Ke1 Rb6 77. Kf2 Rb2+ 78. Kf1 Rb3 79. Ke2 Rb4 80. Kf2 Rb5 81. Kf1 Rb2 82. Ke1 Kg2 83. Rg8+ Kf3 84. Rf8+ Ke4 85. Rh8 Rxb7 86. Rxh2 Rb1+ 87. Kf2 Kf4 88. Rh4+ Kg5 89. Re4 Rb2+ 90. Re2 Rb6 91. Re3 Kf4 92. Re2 Rh6 93. Re8 Rh2+ 94. Kg1 Ra2 95. Rf8+ Ke3 96. Re8+ Kd4 97. Rd8+ Ke5 98. Re8+ Kf6 99. Re3 Ra1+ 100. Kg2 Ra6 101. Rf3+ Ke5 102. Re3+ Kf4 103. Rb3 Rg6+ 104. Kf2 Rg8 105. Rb4+ Ke5 106. Rc4 Rh8 107. Kg2 Kd5 108. Rg4 Rc8 109. Rg5+ Ke4 110. Rg4+ Ke3 111. Rg3+ Ke2 112. Rg7 Re8 113. Rf7 Ke3 114. Rg7 Rf8 115. Re7+ Kf4 116. Ra7 Rc8 117. Ra4+ Kf5 118. Ra5+ Ke4 119. Ra4+ Kf5 120. Ra5+ Kf6 121. Ra6+ Kf7 122. Ra4 Rc3 123. Rf4+ Ke6 124. Rf3 Rc2+ 125. Rf2 Rc8 126. Re2+ Kf5 127. Re7 Rg8+ 128. Kf2 Ra8 129. Rb7 Ra2+ 130. Ke3 Ra3+ 131. Kd2 Ra8 132. Rb4 Rh8 133. Kc3 Ke5 134. Rg4 Rh3+ 135. Kc4 Rh1 136. Kd3 1/2-1/2

[Event "Titled Tuesday 2025.01.28 Late"]
[Site "chess.com INT"]
[Date "2025.01.28"]
[Round "1"]
[White "Montano Vicente, Guadalupe"]
[Black "Keleberda, Tymur"]
[Result "0-1"]
[WhiteElo "1970"]
[BlackElo "2265"]
[WhiteFideId "-1"]
[BlackFideId "-1"]
[PlyCount "48"]
[GameId "2141333507123258"]
[EventDate "2025.01.28"]
[EventType "swiss (blitz)"]
[EventRounds "11"]
[EventCountry "NET"]
[SourceTitle "The Week in Chess 1578"]
[Source "Mark Crowther"]
[SourceDate "2025.02.03"]
[SourceVersion "1"]
[SourceVersionDate "2025.02.03"]
[SourceQuality "2"]

1. d4 f5 2. e4 fxe4 3. Nc3 Nf6 4. Bg5 d5 5. Bxf6 exf6 6. Qh5+ g6 7. Qxd5 Nc6 8. Qxd8+ Kxd8 9. Nxe4 Bf5 10. Nxf6 Bg7 11. Nd5 Bxc2 12. Ne3 Nxd4 13. Rc1 Re8 14. Ne2 Nxe2 15. Bxe2 Be4 16. O-O Bxb2 17. Rfd1+ Kc8 18. Bg4+ Kb8 19. Rc4 a5 20. Rd7 Bc6 21. Rxh7 Rd8 22. h3 a4 23. Rh6 Rd6 24. Rh8+ Bxh8 0-1

[Event "Titled Tuesday 2025.01.28 Late"]
[Site "chess.com INT"]
[Date "2025.01.28"]
[Round "2"]
[White "Keleberda, Tymur"]
[Black "Christiansen, Johan Sebastian"]
[Result "0-1"]
[WhiteElo "2265"]
[BlackElo "2664"]
[WhiteFideId "-1"]
[BlackFideId "-1"]
[PlyCount "92"]
[GameId "2141333507295711"]
[EventDate "2025.01.28"]
[EventType "swiss (blitz)"]
[EventRounds "11"]
[EventCountry "NET"]
[SourceTitle "The Week in Chess 1578"]
[Source "Mark Crowther"]
[SourceDate "2025.02.03"]
[SourceVersion "1"]
[SourceVersionDate "2025.02.03"]
[SourceQuality "2"]

1. Nf3 d5 2. d3 g6 3. Nbd2 Bg7 4. e4 e5 5. g3 Ne7 6. Bg2 Nbc6 7. c3 O-O 8. O-O h6 9. Re1 Kh7 10. Qe2 Re8 11. a4 Be6 12. Ra3 Qd7 13. Nb3 b6 14. Nfd2 Rad8 15. a5 Bg4 16. Qf1 Be6 17. axb6 axb6 18. Qe2 Bf8 19. Ra1 Bg7 20. Ra3 d4 21. c4 Bg4 22. f3 Be6 23. f4 f6 24. Nf3 Ra8 25. Rxa8 Rxa8 26. Bd2 Ra2 27. Rb1 Nd8 28. Bb4 Ra4 29. Qe1 Nec6 30. Bd2 Nb7 31. Ra1 Ne7 32. Bb4 c5 33. Bd2 b5 34. Rxa4 bxa4 35. Na5 Nxa5 36. Bxa5 Qb7 37. Qa1 Qb3 38. Bf1 Bd7 39. fxe5 fxe5 40. Bc7 Nc6 41. Bd6 Bg4 42. Ne1 Qb4 43. Qa3 Qxe1 44. Qxa4 Qe3+ 45. Kg2 Bf3+ 46. Kh3 Qg5 0-1

[Event "Seville op"]
[Site "Seville ESP"]
[Date "2025.01.13"]
[Round "4"]
[White "Keleberda, Tymur"]
[Black "Vignesh, NR."]
[Result "1/2-1/2"]
[WhiteElo "2265"]
[BlackElo "2523"]
[WhiteFideId "-1"]
[BlackFideId "-1"]
[PlyCount "120"]
[GameId "2133754864828047"]
[EventDate "2025.01.10"]
[EventType "swiss"]
[EventRounds "9"]
[EventCountry "ESP"]
[SourceTitle "Mega2025 Update 12"]
[Source "Chessbase"]
[SourceDate "2025.01.24"]
[SourceVersion "1"]
[SourceVersionDate "2025.01.24"]
[SourceQuality "1"]

1. e4 c5 2. Nf3 Nc6 3. Bb5 e6 4. O-O Nge7 5. Re1 Nd4 6. Bf1 Nxf3+ 7. Qxf3 Nc6 8. Na3 Be7 9. c3 O-O 10. Nc2 Ne5 11. Qh5 Ng6 12. d4 cxd4 13. Nxd4 d6 14. Be3 Bd7 15. Rad1 a6 16. g3 b5 17. f4 Re8 18. Rd2 Qc7 19. Bd3 Rad8 20. Nf3 Bc6 21. Ng5 Bxg5 22. Qxg5 Qb7 23. Bf2 d5 24. e5 b4 25. Bd4 bxc3 26. bxc3 Bb5 27. Bc2 Qe7 28. Qh5 Qd7 29. Rf2 Ba4 30. Bd3 Bb5 31. Bb1 Rb8 32. g4 Bc4 33. f5 exf5 34. Bxf5 Qc7 35. e6 fxe6 36. Be5 exf5 37. Bxc7 Rxe1+ 38. Kg2 Rbb1 39. gxf5 Rg1+ 40. Kh3 Rbf1 41. fxg6 hxg6 42. Qf3 d4 43. Bg3 dxc3 44. Qc6 Rxf2 45. Qxc4+ Rf7 46. Qxc3 Rgf1 47. Qc8+ Kh7 48. Qxa6 R1f5 49. Kg4 Rd7 50. Qe6 Rd4+ 51. Kh3 Rh5+ 52. Kg2 Rd2+ 53. Kf3 Ra5 54. Be5 Ra3+ 55. Ke4 Re2+ 56. Kd4 Rexa2 57. Qe7 Ra7 58. Qh4+ Kg8 59. Qd8+ Kh7 60. Qh4+ Kg8 1/2-1/2

[Event "Seville op"]
[Site "Seville ESP"]
[Date "2025.01.16"]
[Round "7"]
[White "Srienz, Christian"]
[Black "Keleberda, Tymur"]
[Result "0-1"]
[WhiteElo "2178"]
[BlackElo "2265"]
[WhiteFideId "-1"]
[BlackFideId "-1"]
[PlyCount "56"]
[GameId "2136239183047549"]
[EventDate "2025.01.10"]
[EventType "swiss"]
[EventRounds "9"]
[EventCountry "ESP"]
[SourceTitle "Mega2025 Update 12"]
[Source "Chessbase"]
[SourceDate "2025.01.24"]
[SourceVersion "1"]
[SourceVersionDate "2025.01.24"]
[SourceQuality "1"]

1. c4 c5 2. Nf3 Nc6 3. Nc3 g6 4. e3 Nf6 5. d4 cxd4 6. exd4 d5 7. cxd5 Nxd5 8. Bc4 Nb6 9. Bb3 Bg7 10. d5 {is now more promising than 10.Be3. im Vergleich zu 10.Le3 vielversprechender.} Na5 11. O-O Nxb3 12. axb3 O-O 13. Bg5 h6 14. Be3 e6 $146 (14... Bg4 15. Re1 Re8 16. h3 Bxf3 17. Qxf3 Bxc3 18. bxc3 Qxd5 19. Bxb6 Qxf3 20. gxf3 axb6 21. Rxa8 Rxa8 22. Rxe7 Ra3 23. Rxb7 Rxb3 24. Kg2 Rxc3 25. Rxb6 Kg7 {½-½ Stigar,P (2190)-Dathe,F (2062) Berlin Lichtenrade op 14th 2018 (8)}) 15. dxe6 Bxe6 16. Nd4 Qf6 17. Nxe6 Qxe6 18. Qf3 Qxb3 19. Qxb7 Qxb2 20. Ne4 Rfb8 21. Qc6 Rc8 22. Qb7 Rab8 23. Qxa7 Ra8 24. Qxb6 Qxa1 25. g3 Qe5 26. Nd2 Rab8 27. Qa7 Qd5 28. Qa6 Rc2 0-1

[Event "Seville op"]
[Site "Seville ESP"]
[Date "2025.01.17"]
[Round "8"]
[White "Lohia, Sohum"]
[Black "Keleberda, Tymur"]
[Result "1/2-1/2"]
[WhiteElo "2367"]
[BlackElo "2265"]
[WhiteFideId "-1"]
[BlackFideId "-1"]
[PlyCount "76"]
[GameId "2136239183051654"]
[EventDate "2025.01.10"]
[EventType "swiss"]
[EventRounds "9"]
[EventCountry "ESP"]
[SourceTitle "Mega2025 Update 12"]
[Source "Chessbase"]
[SourceDate "2025.01.24"]
[SourceVersion "1"]
[SourceVersionDate "2025.01.24"]
[SourceQuality "1"]

1. e4 c5 2. Nf3 d6 3. d4 cxd4 4. Nxd4 Nf6 5. Nc3 a6 6. Bc4 e6 7. Be3 Qc7 8. Bb3 b5 9. f3 Nbd7 10. g4 Nc5 11. a3 Be7 12. Qe2 Nfd7 13. g5 Nb6 14. h4 Bb7 15. Ba2 Rd8 16. O-O-O d5 17. exd5 Nxd5 18. Nxd5 Bxd5 19. Bxd5 Rxd5 20. Kb1 O-O 21. Nb3 Rxd1+ 22. Rxd1 Na4 23. Bd4 Rd8 24. Rd3 Qf4 25. Qe4 Qxe4 26. fxe4 f6 27. gxf6 gxf6 28. Na5 Rc8 29. b3 e5 30. bxa4 exd4 31. axb5 axb5 32. Nb3 Bxa3 33. Nxd4 Rc4 34. Nxb5 Bc5 35. Nd6 Rb4+ 36. Kc1 Bxd6 37. Rxd6 Rxe4 38. Rxf6 Rxh4 1/2-1/2

[Event "Seville op"]
[Site "Seville ESP"]
[Date "2025.01.18"]
[Round "9"]
[White "Keleberda, Tymur"]
[Black "Tahay, Alexis"]
[Result "0-1"]
[WhiteElo "2265"]
[BlackElo "2364"]
[WhiteFideId "-1"]
[BlackFideId "-1"]
[PlyCount "126"]
[GameId "2136239183055772"]
[EventDate "2025.01.10"]
[EventType "swiss"]
[EventRounds "9"]
[EventCountry "ESP"]
[SourceTitle "Mega2025 Update 12"]
[Source "Chessbase"]
[SourceDate "2025.01.24"]
[SourceVersion "1"]
[SourceVersionDate "2025.01.24"]
[SourceQuality "1"]

1. e4 c5 2. Nf3 d6 3. c3 Nf6 4. h3 Nc6 5. Bd3 g5 6. Bc2 g4 7. hxg4 Bxg4 8. d4 d5 9. e5 Ne4 10. Qd3 e6 11. Qb5 Qc7 12. Ng5 a6 13. Qd3 cxd4 14. Nxe4 dxe4 15. Qxe4 Bf5 16. Qe2 Bxc2 17. Qxc2 Qxe5+ 18. Qe2 Qd5 19. Nd2 Qxg2 20. Qe4 Qxe4+ 21. Nxe4 Be7 22. Bh6 dxc3 23. bxc3 O-O-O 24. Ke2 Rd5 25. Bg7 Rhd8 26. Rxh7 f5 27. Ng3 Rd2+ 28. Kf1 Bc5 29. Ne2 e5 30. Bf6 Rd1+ 31. Rxd1 Rxd1+ 32. Kg2 Rd2 33. Kf1 f4 34. Ke1 Rxa2 35. Bh4 Ra1+ 36. Kd2 Rh1 37. Rh8+ Kd7 38. f3 Rh3 39. Bf6 Rxf3 40. Rh7+ Ke6 41. Bg5 Kf5 42. Bxf4 exf4 43. Rh5+ Ke4 44. Rxc5 Ne5 45. Rc7 Rd3+ 46. Kc2 Rd7 47. Rc8 f3 48. Ng3+ Kf4 49. Nf1 f2 50. Rf8+ Rf7 51. Re8 Ng4 52. Kd3 Kf3 53. Nd2+ Kg2 54. Ke2 f1=Q+ 55. Nxf1 Rxf1 56. Re7 Rb1 57. c4 Kg3 58. c5 Kf4 59. c6 bxc6 60. Kd3 Rb4 61. Kc3 a5 62. Rf7+ Ke5 63. Rg7 Kd6 0-1

[Event "Titled Tuesday 2025.01.07 Late"]
[Site "chess.com INT"]
[Date "2025.01.07"]
[Round "1"]
[White "Wieczorek, Z."]
[Black "Keleberda, Tymur"]
[Result "1-0"]
[WhiteElo "2105"]
[BlackElo "2265"]
[WhiteFideId "-1"]
[BlackFideId "-1"]
[PlyCount "87"]
[GameId "2133754867389729"]
[EventDate "2025.01.07"]
[EventType "swiss (blitz)"]
[EventRounds "11"]
[EventCountry "NET"]
[SourceTitle "The Week in Chess 1575"]
[Source "Mark Crowther"]
[SourceDate "2025.01.13"]
[SourceVersion "1"]
[SourceVersionDate "2025.01.13"]
[SourceQuality "2"]

1. Nf3 d5 2. g3 g6 3. c4 c6 4. Bg2 Bg7 5. cxd5 cxd5 6. d4 Nf6 7. Nc3 O-O 8. O-O Bf5 9. Qb3 Nc6 10. Qxb7 Na5 11. Qa6 Ne4 12. Nxe4 Bxe4 13. e3 Nc4 14. b3 Nd6 15. Ba3 Qd7 16. Bxd6 exd6 17. Rfc1 Rfc8 18. Nd2 f5 19. f3 Bc2 20. Qa5 Qe6 21. Kf2 Re8 22. Re1 Rac8 23. f4 Bd3 24. Bxd5 Qxd5 25. Qxd5+ Kh8 26. Rac1 Rb8 27. Rc3 Ba6 28. Qxd6 Rb6 29. Qd7 Rbe6 30. Rc7 R6e7 31. Qxe7 Rxe7 32. Rxe7 Bf6 33. Rxa7 Bd3 34. Nf3 h6 35. Ne5 Be4 36. Nxg6+ Kg8 37. Rc1 Bg7 38. Nh4 h5 39. Nf3 Bf8 40. Rc8 Bd5 41. Ng5 h4 42. gxh4 Kh8 43. Rxf8+ Bg8 44. Rh7# 1-0

[Event "Calgary op"]
[Site "Calgary CAN"]
[Date "2024.12.26"]
[Round "1.3"]
[White "Keleberda, Tymur"]
[Black "Vasic, Maxim"]
[Result "1-0"]
[WhiteElo "2296"]
[BlackElo "2044"]
[WhiteFideId "-1"]
[BlackFideId "-1"]
[PlyCount "99"]
[GameId "2160767905786975"]
[EventDate "2024.12.26"]
[EventType "swiss"]
[EventRounds "9"]
[EventCountry "CAN"]
[SourceTitle "The Week in Chess 1573"]
[Source "Mark Crowther"]
[SourceDate "2024.12.30"]
[SourceVersion "1"]
[SourceVersionDate "2024.12.30"]
[SourceQuality "2"]

1. Nf3 Nf6 2. c4 e6 3. d4 Bb4+ 4. Bd2 Qe7 5. g3 Nc6 6. Bg2 Bxd2+ 7. Nbxd2 d6 8. O-O e5 9. d5 Nb8 10. e4 a5 11. Ne1 O-O 12. Nd3 Nbd7 13. Qc2 Nc5 14. Nxc5 dxc5 15. Qc3 Ra6 16. Nb3 a4 17. Nc1 Nd7 18. Nd3 Rh6 19. Qa5 b6 20. Qxa4 Qg5 21. Qd1 f5 22. exf5 Rxf5 23. Qe2 Qf6 24. Rae1 Rfh5 25. f4 e4 26. Qxe4 Rxh2 27. Qe8+ Qf8 28. Qxf8+ Kxf8 29. Nf2 Nf6 30. Re5 R2h5 31. Rfe1 Rg6 32. R1e3 Rxe5 33. fxe5 Ng4 34. Nxg4 Bxg4 35. Ra3 Rg5 36. e6 Re5 37. Ra8+ Ke7 38. Rc8 Re1+ 39. Kf2 Re2+ 40. Kf1 Rxb2 41. Rxc7+ Kf6 42. Rf7+ Kg6 43. Rf4 Rb1+ 44. Kf2 Rb2+ 45. Kg1 Rb1+ 46. Kh2 Kg5 47. Re4 Bh5 48. Re5+ Kh6 49. d6 Rb2 50. Rxh5+ 1-0

[Event "Calgary op"]
[Site "Calgary CAN"]
[Date "2024.12.27"]
[Round "2.3"]
[White "Ng, Gary"]
[Black "Keleberda, Tymur"]
[Result "0-1"]
[WhiteElo "2217"]
[BlackElo "2296"]
[WhiteFideId "-1"]
[BlackFideId "-1"]
[PlyCount "66"]
[GameId "2160767905786984"]
[EventDate "2024.12.26"]
[EventType "swiss"]
[EventRounds "9"]
[EventCountry "CAN"]
[SourceTitle "The Week in Chess 1573"]
[Source "Mark Crowther"]
[SourceDate "2024.12.30"]
[SourceVersion "1"]
[SourceVersionDate "2024.12.30"]
[SourceQuality "2"]

1. c4 c5 2. Nf3 Nf6 3. Nc3 Nc6 4. d4 cxd4 5. Nxd4 d5 6. cxd5 Nxd5 7. Nxc6 bxc6 8. Qa4 Bd7 9. Bd2 e6 10. e4 Nb6 11. Qc2 Bc5 12. Bd3 e5 13. O-O Qe7 14. Ne2 O-O 15. Rac1 Bd6 16. Be3 Rac8 17. a4 Rb8 18. a5 Nc8 19. Nc3 Qd8 20. Ra1 Re8 21. Rfd1 Re6 22. Na4 Rg6 23. Bf1 Bg4 24. Rdc1 Bb4 25. a6 Qe7 26. Nc5 Nd6 27. Kh1 Nb5 28. Bxb5 Rxb5 29. Nd3 Qh4 30. Nxb4 Bf3 31. Kg1 Rxg2+ 32. Kf1 Rg1+ 33. Kxg1 Qh3 0-1

[Event "Calgary op"]
[Site "Calgary CAN"]
[Date "2024.12.27"]
[Round "3.1"]
[White "Preotu, Razvan"]
[Black "Keleberda, Tymur"]
[Result "1-0"]
[WhiteElo "2475"]
[BlackElo "2296"]
[WhiteFideId "-1"]
[BlackFideId "-1"]
[PlyCount "115"]
[GameId "2160767905786992"]
[EventDate "2024.12.26"]
[EventType "swiss"]
[EventRounds "9"]
[EventCountry "CAN"]
[SourceTitle "The Week in Chess 1573"]
[Source "Mark Crowther"]
[SourceDate "2024.12.30"]
[SourceVersion "1"]
[SourceVersionDate "2024.12.30"]
[SourceQuality "2"]

1. e4 e6 2. d4 a6 3. Nf3 d5 4. Nc3 Nf6 5. e5 Nfd7 6. Ne2 c5 7. c3 Nc6 8. g3 Qa5 9. Bd2 Qb6 10. Bg2 cxd4 11. cxd4 Qxb2 12. O-O Qa3 13. Qb1 b5 14. Rc1 Bb7 15. Rc3 Qe7 16. Bg5 Qb4 17. Qc1 Rc8 18. a4 Nb6 19. axb5 axb5 20. Qd1 Ra8 21. Rxa8+ Bxa8 22. Rb3 Qa5 23. Bd2 b4 24. Rb1 Bb7 25. Ra1 Qb5 26. Nf4 Nc4 27. Ng5 Nd8 28. Bf1 g6 29. Rb1 h6 30. Nxf7 Nxf7 31. Nxg6 Rg8 32. Nxf8 Rxf8 33. Bxb4 Rg8 34. Bc5 Qd7 35. Qb3 Nd8 36. Be2 Kf7 37. Qf3+ Ke8 38. Qf6 Qg7 39. Qh4 Qg5 40. Qh3 Qf5 41. Qxf5 exf5 42. e6 Nxe6 43. Rxb7 Rg7 44. Bh5+ Kd8 45. Rxg7 Nxg7 46. Bf7 Kd7 47. Bxd5 Nd6 48. Kg2 Nge8 49. Bb3 Nf6 50. Bc2 Nde4 51. Bf8 h5 52. f3 Nd6 53. Kh3 f4 54. Bxd6 Kxd6 55. Bb3 fxg3 56. hxg3 Ne8 57. Kh4 Nc7 58. Bc4 1-0

[Event "Calgary op"]
[Site "Calgary CAN"]
[Date "2024.12.28"]
[Round "4.3"]
[White "Keleberda, Tymur"]
[Black "Doknjas, Neil"]
[Result "1/2-1/2"]
[WhiteElo "2296"]
[BlackElo "2262"]
[WhiteFideId "-1"]
[BlackFideId "-1"]
[PlyCount "131"]
[GameId "2160767905787004"]
[EventDate "2024.12.26"]
[EventType "swiss"]
[EventRounds "9"]
[EventCountry "CAN"]
[SourceTitle "The Week in Chess 1573"]
[Source "Mark Crowther"]
[SourceDate "2024.12.30"]
[SourceVersion "1"]
[SourceVersionDate "2024.12.30"]
[SourceQuality "2"]

1. Nf3 d5 2. e3 Nf6 3. c4 e6 4. Nc3 Bd6 5. b3 O-O 6. Bb2 Nc6 7. d4 dxc4 8. bxc4 e5 9. Be2 exd4 10. exd4 Bg4 11. h3 Bh5 12. O-O Bxf3 13. Bxf3 Nxd4 14. Bxb7 Rb8 15. Nd5 Nxd5 16. Qxd4 Qf6 17. Bxd5 Rxb2 18. Qxf6 gxf6 19. f4 Re8 20. a4 a5 21. Rac1 Bc5+ 22. Kh2 Ree2 23. Rce1 Bb4 24. Rxe2 Rxe2 25. Kg3 Re1 26. Rxe1 Bxe1+ 27. Kg4 c5 28. Kf5 Kg7 29. Bf3 h6 30. Bh5 Bb4 31. Ke4 Ba3 32. Kd5 Kf8 33. Bg4 Bb4 34. h4 Ba3 35. h5 Bb4 36. Kd6 Ba3 37. Bf3 Bb4 38. g4 Ba3 39. Kc7 Bb4 40. Kb6 Kg7 41. Bd1 Kf8 42. Bc2 Kg7 43. Kc7 Kf8 44. Kd6 Ba3 45. Kd5 Bb4 46. Ke4 Kg7 47. Kf5 Bd2 48. Bd1 Bc1 49. Bf3 Bd2 50. Bh1 Bc1 51. Ba8 Bd2 52. Bg2 Bc1 53. Bb7 Bd2 54. Bf3 Bc1 55. Ke4 Ba3 56. Kd5 Kf8 57. Kd6 Bb4 58. Be4 Ba3 59. Kd7 Bb4 60. Bd3 Ba3 61. Kc7 Bb4 62. Kb6 Kg7 63. Kb5 Kf8 64. Kb6 Kg7 65. Kb5 Kf8 66. Kb6 1/2-1/2

[Event "Calgary op"]
[Site "Calgary CAN"]
[Date "2024.12.28"]
[Round "5.2"]
[White "Keleberda, Tymur"]
[Black "Chandra, Anand"]
[Result "1/2-1/2"]
[WhiteElo "2296"]
[BlackElo "2162"]
[WhiteFideId "-1"]
[BlackFideId "-1"]
[PlyCount "62"]
[GameId "2160767905787013"]
[EventDate "2024.12.26"]
[EventType "swiss"]
[EventRounds "9"]
[EventCountry "CAN"]
[SourceTitle "The Week in Chess 1573"]
[Source "Mark Crowther"]
[SourceDate "2024.12.30"]
[SourceVersion "1"]
[SourceVersionDate "2024.12.30"]
[SourceQuality "2"]

1. Nf3 d5 2. d4 Nf6 3. Bf4 e6 4. e3 c5 5. c3 Bd6 6. Bg3 Qc7 7. Na3 a6 8. Qa4+ Bd7 9. Nb5 Bxb5 10. Bxb5+ Nbd7 11. Ne5 Ke7 12. Bxd7 Nxd7 13. f4 f6 14. O-O Raf8 15. Nf3 Kd8 16. Rae1 Nb6 17. Qc2 f5 18. b3 c4 19. Bh4+ Kc8 20. Kh1 Kb8 21. Rg1 h6 22. Ne5 Bxe5 23. dxe5 g5 24. Bf2 g4 25. Bh4 Rc8 26. b4 Qd7 27. Qd2 Rh7 28. Rc1 Na4 29. Rc2 b5 30. Qd4 Qa7 31. Rd1 Qxd4 1/2-1/2

[Event "Calgary op"]
[Site "Calgary CAN"]
[Date "2024.12.29"]
[Round "6.4"]
[White "Doknjas, John"]
[Black "Keleberda, Tymur"]
[Result "0-1"]
[WhiteElo "2280"]
[BlackElo "2296"]
[WhiteFideId "-1"]
[BlackFideId "-1"]
[PlyCount "114"]
[GameId "2160767905787025"]
[EventDate "2024.12.26"]
[EventType "swiss"]
[EventRounds "9"]
[EventCountry "CAN"]
[SourceTitle "The Week in Chess 1573"]
[Source "Mark Crowther"]
[SourceDate "2024.12.30"]
[SourceVersion "1"]
[SourceVersionDate "2024.12.30"]
[SourceQuality "2"]

1. e4 e6 2. d4 d5 3. e5 c5 4. c3 Nc6 5. Nf3 a6 6. Bd3 Bd7 7. O-O cxd4 8. cxd4 Qb6 9. Bc2 Nb4 10. Ba4 Bxa4 11. Qxa4+ Qc6 12. Nc3 Qxa4 13. Nxa4 b5 14. Nc3 Nc6 15. Ne2 Nge7 16. Bd2 Kd7 17. Rfc1 Rc8 18. h3 f6 19. exf6 gxf6 20. g4 Rg8 21. Kf1 Ng6 22. Nf4 Nxf4 23. Bxf4 Bd6 24. Bxd6 Kxd6 25. Rc3 h5 26. gxh5 Rh8 27. Rac1 b4 28. Rd3 Rxh5 29. Ng1 Rch8 30. Kg2 Rg8+ 31. Kh1 Rf5 32. f3 Rfg5 33. Rd2 Rg3 34. Kh2 e5 35. dxe5+ fxe5 36. Rcd1 Nd4 37. Rf2 Nf5 38. Ne2 R3g7 39. Rg1 Rxg1 40. Nxg1 Ne3 41. Ne2 Nd1 42. Rg2 Rxg2+ 43. Kxg2 Nxb2 44. Kf2 Nd1+ 45. Ke1 Nc3 46. Nc1 a5 47. Kd2 a4 48. Kc2 Nxa2 49. Nd3 b3+ 50. Kb2 e4 51. fxe4 dxe4 52. Nf4 Nb4 53. Ne2 Nd5 54. Ka3 e3 55. h4 Ke7 56. h5 Kf6 57. Ng3 Ke5 0-1

[Event "Calgary op"]
[Site "Calgary CAN"]
[Date "2024.12.29"]
[Round "7.2"]
[White "Keleberda, Tymur"]
[Black "Georgiev, Vladimir"]
[Result "1/2-1/2"]
[WhiteElo "2296"]
[BlackElo "2388"]
[WhiteFideId "-1"]
[BlackFideId "-1"]
[PlyCount "81"]
[GameId "2160767905787033"]
[EventDate "2024.12.26"]
[EventType "swiss"]
[EventRounds "9"]
[EventCountry "CAN"]
[SourceTitle "The Week in Chess 1573"]
[Source "Mark Crowther"]
[SourceDate "2024.12.30"]
[SourceVersion "1"]
[SourceVersionDate "2024.12.30"]
[SourceQuality "2"]

1. d4 Nf6 2. c4 e6 3. Nf3 d5 4. Nc3 a6 5. cxd5 exd5 6. Bg5 c6 7. Qc2 Be6 8. e3 Nbd7 9. Bd3 Bd6 10. Bh4 h6 11. Bg3 Qc7 12. a4 O-O 13. a5 c5 14. Bxd6 Qxd6 15. dxc5 Nxc5 16. O-O Rac8 17. h3 d4 18. Nxd4 Nxd3 19. Qxd3 Bc4 20. Qd1 Bxf1 21. Qxf1 Rfe8 22. Qd1 Qb4 23. Ra3 Rc7 24. g3 Rd7 25. Qc2 Qc5 26. Qa4 Qc8 27. Kg2 Rc7 28. Qd1 Ne4 29. Nxe4 Rxe4 30. Qf3 Re8 31. Ra1 Rc5 32. b4 Rc4 33. Rb1 Re5 34. b5 axb5 35. Nxb5 Rf5 36. Nd6 Rxf3 37. Nxc8 Rf6 38. Ne7+ Kf8 39. Nd5 Rf5 40. a6 Rc2 41. g4 1/2-1/2